000
00321nam a22001337a 4500
008
171025b xxu||||| |||| 00| 0 eng d
020
_a
9781439078099
041
_a
eng
080
_6
13 ED
_a
311
100
_a
52
101
_a
MEN
245
_a
FINANCIAL MANAGEMENT THEORY AND PRACTICE
_c
BRIGHAM.E
942
_2
udc
_c
BK
999
_c
35977
_d
35977